Programas de televisión en España - Estadísticas

Estadísticas generales
  • Esta prueba ha sido intentada 4.245 veces
  • La puntuación promedio es 16 de 20
Estadísticas de respuestas
Imagen Respuesta % Correcto
Pasapalabra
98%
El hormiguero
97%
La Voz
96%
MasterChef
96%
Supervivientes
95%
La revuelta
94%
La ruleta de la suerte
94%
La isla de las tentaciones
93%
¡Ahora Caigo!
92%
Got Talent
91%
First Dates
90%
Tu cara me suena
88%
¡Boom!
87%
Saber y ganar
79%
El intermedio
77%
Grand Prix
75%
Atrapa un millón
63%
¿Quién quiere ser millonario?
59%
Cifras y letras
54%
Reacción en cadena
30%
No se encontraron pruebas coincidentes
Distribución de puntuación
Porcentaje de gente con cada puntuación
Porcentaje por número respondido
Historial de tus puntuaciones
No has intentado esta prueba.